00682nam a2200229 a 4500001001300000003000900013005001700022008004100039020001000080082001500090245004900105260004600154300000900200500003500209505004200244650001100286710003000297902000800327942000700335952009500342999001500437nice12345678IN_TiNIC20260116012039.0050524s1869 mira grs 000 0 49g  ac10000a223.2bNIB aKitab-E-Muqaddas, Zaboor Aur Imsaal Ki Kitab aMirzapurbNorth India Bible Societyc1869 a124p aincludes index and biblioraphy2 aWith Pictures, Index of Illustrations aPsalms2 aNorth India Bible Society bSRS cPS 00104070aHMIbHMId2007-06-19g100.00l0o223.2 NIBp5743r2007-06-19w2026-01-16yARB c5413d5413